00735 2200229 4500001002100000005001500021035002000036007000300056008004100059020001800100082000800118084001400126100001800140245016400158260004500322300003700367650001400404700003300418520003000451990001200481990001200493INLIS00000000000184120180329101931 a0010-0318000184ta180329 g 0 ind  a9786020321554 a613 a613 DIT t0 aDITO, Anugoro1 aThe Art Of Medicine :bSeni Mendeteksi,Mengobati, Dan Menyembuhkan 88 Penyakit Dan Gangguan Kesehatan /cDito, Anurogo; penyunting, Veronica Wahyuningkintarsih aJakarta :bGramedia Pustaka Utama,c2016 axxiv, 390hlm. :bilus. ;c23 cm. aKESEHATAN0 aVERONICA, Wahyuningkintarsih abibliografi: hlm. 380-390 a16447 a a16447 b